000
00351nam a2200145Ia 4500
008
151213s9999 xx 000 0 und d
100
_a
Peter Fisher
245
_a
NTC Vocabulary builders
_c
Peter Fisher
260
_a
USA
_b
NTC
300
_a
861 p.
650
_a
English Language
650
_a
English Language
700
_a
Peter Fisher
999
_c
971
_d
971